Veřejná správa

Salvato in:
Dettagli Bibliografici
Autori principali: Pomahač, Richard (Autore), Vidláková, Olga (Autore)
Natura: Libro
Lingua:ceco
Pubblicazione: Praha : C.H. Beck, 2002
Edizione:1. vyd
Soggetti:
Tags: Aggiungi Tag
Nessun Tag, puoi essere il primo ad aggiungerne!!

MARC

LEADER 00000nam a22000003a 4500
001 stu91258
005 20150617225624.9
008 041027s2002----xr------------------cze-d
020 |a 80-7179-748-0 
040 |a STU  |b slo 
041 0 |a cze 
044 |a xr 
080 |a 35 
080 |a 342.9  |7 stu_us_auth*stu9106 
100 1 |a Pomahač, Richard  |4 aut 
245 1 |a Veřejná správa 
250 |a 1. vyd 
260 |a Praha :  |b C.H. Beck,  |c 2002 
300 |a 278 s 
650 7 |a verejná správa  |2 stusub 
700 1 |a Vidláková, Olga  |4 aut 
996 |b 284M060900  |c M*11501-1  |l MMKN  |s A  |a 24  |w stu91258_0001